De la captura de imagen a la impresión fotográfica (Record no. 180883)

MARC details
000 -LEADER
campo de control de longitud fija 01068nam a2200265 i 4500
001 - NÚMERO DE CONTROL
campo de control 180883
003 - IDENTIFICADOR DE NÚMERO DE CONTROL
campo de control ES-MaACL
005 - FECHA Y HORA DE LA ÚLTIMA TRANSACCIÓN
campo de control 20251009063059.0
008 - DATOS DE LONGITUD FIJA--INFORMACIÓN GENERAL
campo de control de longitud fija 120806s2011 sp ado |||| | spa d
020 ## - NÚMERO INTERNACIONAL ESTÁNDAR DEL LIBRO
Número Internacional Estándar del Libro 978-84-88610-33-1
080 ## - NÚMERO DE LA CLASIFICACIÓN DECIMAL UNIVERSAL
Número de la Clasificación Decimal Universal 004.932 Adobe Photoshop
080 ## - NÚMERO DE LA CLASIFICACIÓN DECIMAL UNIVERSAL
Número de la Clasificación Decimal Universal 77:621.3.037.37
100 1# - ENTRADA PRINCIPAL--NOMBRE DE PERSONA
Nombre de persona Brau, Gabriel,
Fechas asociadas al nombre 1957-
9 (RLIN) 151239
245 10 - MENCIÓN DEL TÍTULO
Título De la captura de imagen a la impresión fotográfica
Resto del título : una guía para fotógrafos digitales /
Mención de responsabilidad, etc. Gabriel Brau Gelabert.
250 ## - MENCION DE EDICION
Mención de edición 1ª ed.
260 ## - PUBLICACIÓN, DISTRIBUCIÓN, ETC.
Lugar de publicación, distribución, etc. Barcelona :
Nombre del editor, distribuidor, etc. Artual,
Fecha de publicación, distribución, etc. 2011.
300 ## - DESCRIPCIÓN FÍSICA
Extensión 463 p. :
Otras características físicas il. col. y n., gráf. ;
Dimensiones 25 cm +
Material acompañante/anejo 1 lám. foto.
505 8# - NOTA DE CONTENIDO CON FORMATO
Nota de contenido con formato Contiene: ;
Título La captura digital ;
-- El procesado del archivo digital ;
-- El tratamiento de la imagen digital ;
-- La copia final
630 07 - PUNTO DE ACCESO ADICIONAL DE MATERIA--TÍTULO UNIFORME
Título uniforme Adobe Photoshop (Archivo de ordenador)
9 (RLIN) 151240
650 #7 - PUNTO DE ACCESO ADICIONAL DE MATERIA--TÉRMINO DE MATERIA
Término de materia o nombre geográfico como elemento de entrada Fotografía digital
Fuente del encabezamiento o término embne
9 (RLIN) 146707
650 #7 - PUNTO DE ACCESO ADICIONAL DE MATERIA--TÉRMINO DE MATERIA
Término de materia o nombre geográfico como elemento de entrada Fotografía-
Subdivisión general Técnica
Fuente del encabezamiento o término
9 (RLIN) 150981
852 ## - LOCALIZACIÓN
Ubicación ES-MaACL
Número de control de estantería A-12162
itemnumber 187760
Sublocalización o colección R.147169
Ubicación en estantería Depósito 1
Signatura antigua Olim: N-5167
942 ## - ELEMENTOS DE ENTRADA SECUNDARIOS (KOHA)
Fuente del sistema de clasificación o colocación Clasificación decimal universal
Tipo de ítem Koha Libro impreso
Holdings
Estatus retirado Estado de pérdida Fuente del sistema de clasificación o colocación Estado de daño No para préstamo Biblioteca de origen Biblioteca actual Ubicación en estantería Fecha de adquisición Fuente de adquisición Total de préstamos Signatura topográfica completa Código de barras Visto por última vez Precio de reemplazo Tipo de ítem Koha
    Clasificación decimal universal     Biblioteca del Ateneo de Madrid Biblioteca del Ateneo de Madrid Depósito 1 06/08/2012 Donación   A-12162 1190075 23/02/2023 23/02/2023 Libro impreso